000 01034nam a2200289 a 4500
001 BRCA_1757
005 20190320203533.0
008 971114s1996 sp-a---##b---#001-0#spa-#
020 _a9061533775
040 _aDLC
_cDLC
041 _aeng
_hspa
050 4 _aN3450
_b.M87 1996
245 1 0 _aEl Museo del Prado
_cAlessandro Bettagno ... [et al.] ; prólogo Mario Vargas Llosa ; introducción José Mariá Luzón Nogué.
260 _aBelgium
_bFonds Mercator Paribas : Fundación Amigos del Museo del Prado : Ibercaja
_c1996
300 _a669 p.
_bil. a color
_c33 cm.
500 _aIncluye índice onomástico
500 _aEstado físico: encuadernado, enero 2013
500 _aColección Sonia Corcuera de Mancera
504 _aBibliografía: p. 656-659
610 2 4 _aMuseo del Prado
_vCatálogos
_95480
650 1 4 _aPintura
_vCatálogos
_zEspaña
_92382
700 1 _aBettagno, Alessandro
_95481
700 1 _aVargas Llosa, Mario
_95482
700 1 _aLuzón Nogué, José María
_95483
902 _aDSC
942 _2lcc
_cB
999 _c1540
_d1540